| 000 | 00525nam a22001817a 4500 | ||
|---|---|---|---|
| 005 | 20251108173628.0 | ||
| 008 | 250721s2004 xx 000 0 ara d | ||
| 082 | 1 | 4 | _aط/924.1/جمي |
| 100 | 1 | _aجميعان، محمد | |
| 245 | 1 | 0 | _aالخليل بن أحمد الفراهيدي / |
| 264 | 1 |
_aعمان : _bوزارة الثقافة، _c2004. |
|
| 300 | _a30ص. | ||
| 650 | 1 | 7 | _aالتراجم |
| 650 | 1 | 7 | _aاللغويين |
| 653 | _aناشاون صغار (10-14سنه) | ||
| 942 |
_2ddc _cBK |
||
| 999 |
_c108514 _d108514 |
||